Research and development of new technologies of decontamination of ash mixture tailings

Guardado en:
Detalles Bibliográficos
Autor principal: Bosák, Martin, 1967-
Otros Autores: Majerník, Milan, 1952-, Tarča, Alexander
Formato: Capítulo de libro
Lenguaje:inglés
Materias:
Etiquetas: Agregar Etiqueta
Sin Etiquetas, Sea el primero en etiquetar este registro!

MARC

LEADER 00000naa$a2200000$$$4500
001 0214599
005 20240502083538.7
041 0 |a eng 
044 |a GB 
245 1 0 |a Research and development of new technologies of decontamination of ash mixture tailings  |c Martin Bosák, Milan Majerník, Alexander Tarča 
610 2 0 |a biomasa 
610 2 0 |a bezpečnosť environmentálna 
610 2 0 |a vývoj vedeckotechnický 
100 1 |a Bosák, Martin, 1967- 
700 1 |a Majerník, Milan, 1952- 
700 1 |a Tarča, Alexander